I Ching : The book of change

The I Ching, probably the oldest book in existence, provides a system of knowledge that makes it possible to analyze the patterns of changes in life governed by the Immutable Law of Change. Whether we use the I Ching for divination or to study the principles involved with it, if we allow ourselves t...

ver descrição completa

Na minha lista:
Detalhes bibliográficos
Autor principal: Blofeld, John
Formato: Livro
Idioma:Undetermined
Publicado em: London Mandala Books 1965
Assuntos:
Tags: Adicionar Tag
Sem tags, seja o primeiro a adicionar uma tag!
Thư viện lưu trữ: Trung tâm Học liệu Trường Đại học Cần Thơ
LEADER 01067nam a2200205Ia 4500
001 CTU_219417
008 210402s9999 xx 000 0 und d
082 |a 299.51482 
082 |b B652 
100 |a Blofeld, John 
245 0 |a I Ching : 
245 4 |b The book of change 
245 0 |c John Blofeld ; Foreword: Lama Anagarika Govinda 
260 |a London 
260 |b Mandala Books 
260 |c 1965 
520 |a The I Ching, probably the oldest book in existence, provides a system of knowledge that makes it possible to analyze the patterns of changes in life governed by the Immutable Law of Change. Whether we use the I Ching for divination or to study the principles involved with it, if we allow ourselves to be governed by its teachings, we shall enrich the content of our lives, free ourselves from anxiety, and become harmless or even intelligently helpful to others and pleasant companions to ourselves. 
650 |a Philosophy, Chinese,Triết học Trung Quốc 
904 |i Giang 
980 |a Trung tâm Học liệu Trường Đại học Cần Thơ